[Event "BIH-chT 2nd"]
[Site "Jahorina"]
[Date "2003.06.26"]
[Round "8"]
[White "Atalik, Suat"]
[Black "Almasi, Zoltan"]
[Result "1-0"]
[WhiteElo "2568"]
[BlackElo "2676"]
[Annotator "Atalik,S"]
[PlyCount "75"]
[EventDate "2003.06.21"]
[EventType "team-tourn"]
[EventRounds "9"]
[EventCountry "BIH"]
[SourceTitle "CBM 094 Extra"]
[Source "ChessBase"]
[SourceDate "2003.07.09"]
[SourceVersion "2"]
[SourceVersionDate "2003.07.09"]
[SourceQuality "1"]
[WhiteTeam "Sarajevo Napredak"]
[BlackTeam "Kiseljak"]
[WhiteTeamCountry "BIH"]
[BlackTeamCountry "BIH"]

1. d4 Nf6 2. c4 e6 3. Nf3 b6 4. a3 {Despite of a combination of my good and
bad results I started to like Petrosian System in Queens Indian.} Bb7 5. Nc3 d5
6. cxd5 Nxd5 7. Bd2 $5 {Well the most popular these days.I have also decided
to go for it after the Bled Olympiad.} Nd7 8. Nxd5 Bxd5 (8... exd5 9. g3 {
It is very difficult to prove an edge after for white.}) 9. Qc2 c5 10. e4 Bb7
11. d5 {A double edge fight starts.} exd5 12. exd5 Qe7+ {I was surprised with
this move I have even thought that it is a new move and pretty illogical one.}
13. Be3 O-O-O 14. O-O-O {I have understood that at first I have to castle long.
} (14. Qa4 $6 {Later,after the game I have discovered my opponent had already
played a game with Anand in Dortmund 1998.} Kb8 15. O-O-O Nf6 16. Bf4+ Ka8 17.
d6 Qe4) 14... Nf6 {Dire straits requires drastic measures.} 15. d6 $1 $146 {
A product of 30' over the board meditation.} ({I did not like any of the
following lines.} 15. Bg5 Qc7 16. Bc4 Bd6 $11) (15. Ng5 $2 h6 16. d6 Qe8 $17) (
15. Qf5+ Qd7 16. Qxd7+ Rxd7 17. Ne5 Rxd5 18. Nxf7 Rxd1+ 19. Kxd1 Rg8 $15) (15.
Qa4 Kb8 {like in the previous note.}) 15... Qe8 $6 ({Taking the pawn has its
danger.A mere standing chat after the game proved that we both have seen all
these moves.} 15... Rxd6 16. Rxd6 Qxd6 17. Ng5 Qd7 18. Bc4 Nd5 19. Rd1 h6 20.
Qe4 $1 f5 21. Qf3 hxg5 22. Bxd5 Bxd5 23. Rxd5 g4 24. Qd1 $40) 16. Bc4 {After
some more thought I went for the most consequent move.} (16. Bf4 Ne4 $1 (16...
Qe4 17. Qc4 Qxc4+ $2 18. Bxc4 Ne4 19. d7+ $1 $16)) (16. Qf5+ Qd7 17. Qxd7+ Nxd7
18. Ng5 Ne5 19. Bf4 h6 20. Bxe5 hxg5 $15) 16... Bxd6 (16... Bxf3 $2 17. Qf5+
Kb8 18. Qxf3 Bxd6 19. Rxd6 Rxd6 20. Bf4 Qe7 21. Qc6 Rhd8 22. Rd1 Ne8 23. Bd5
$18) 17. Ng5 Rf8 18. Rhe1 $1 {Both sides were consumming hell out of time
before every move.} (18. Qb3 $6 Bc7 19. Rxd8+ Qxd8 (19... Bxd8 20. Nxf7 Bc7)
20. Nxf7 Qe8 $13) (18. Qf5+ Qd7 19. Qxd7+ (19. Ne6 Nd5 20. Bxd5 Bxd5 (20...
fxe6 21. Bxb7+ Kxb7 22. Qxh7 Rf5) 21. Qxd5 Qxe6 22. Qa8+ Bb8) 19... Rxd7 20.
Nxf7 (20. Bxf7 Bxg2 21. Rhg1 Bf3 $1 $15) 20... Bc7 21. Rxd7 Nxd7 $15) 18... Bc7
(18... Qe7 19. Qb3 (19. Nxf7 $2 Rxf7 20. Qf5+ Kb8 21. Bxf7 Qxf7 22. Rxd6 Rxd6
23. Bf4 Qc4+ 24. Kb1 Be4+ $19) (19. Qf5+ Qd7 20. Qxd7+ (20. Ne6 Nd5 21. Bxd5
fxe6 22. Bxb7+ Kxb7 23. Qxh7 Rf5 24. Qh4 $11) 20... Rxd7 21. Bxf7 Rdxf7 22.
Nxf7 Bxh2 23. Rh1 Bc7 24. Ng5 Bxg2 25. Rhg1 Bc6 26. Ne6 Rf7 27. Rxg7 Rxg7 28.
Nxg7 Bf3 $44) 19... Bxg2 20. Nxf7 $16) 19. Rxd8+ $2 {A practical desicion but
also some sort of an oversight.} (19. Bxc5 $1 {Of course!} Bf4+ (19... Rxd1+
20. Qxd1 Qc6 21. Bxf8 Qxc4+ 22. Kb1 Bd5 23. Qc2 $1 {This cool move indirectly
covering f4 square was what I have missed duing the game.} (23. b3 Qf4 $44)
23... Qa2+ 24. Kc1 Kb8 25. g3 $1 g6 26. Qc3 Ng4 27. Bd6 $1 $18) 20. Kb1 (20.
Be3 Rxd1+ 21. Kxd1 Qd7+ (21... Bxe3 $2 22. Bb5+) 22. Bd3+ Bc7 $11) 20... Rxd1+
21. Qxd1 Qc6 22. Bxf8 Qxc4 23. b3 $16) 19... Qxd8 {Bad moves are coming by
both sides like it rains cats and dogs!} (19... Bxd8 20. Qf5+ $1 (20. Bd2 $6
Qc6 21. Nxf7 Bc7 $15) 20... Qd7 21. Nxf7 (21. Qxd7+ Kxd7 $1 (21... Nxd7 22.
Nxf7 Bc7 23. f3 $16) 22. Nxf7 Bxg2 23. Rg1 Bd5 24. Bxd5 Nxd5 25. Nxd8 Kxd8 26.
Rxg7 Nxe3 27. fxe3 Rf1+ 28. Kd2 Rf2+ 29. Kc3 Rxh2 30. Rxa7 h5 $11) 21... Qxf5
22. Nd6+ Kb8 23. Nxf5 Ng4 24. Nxg7 Nxe3 25. fxe3 Rf2 26. Rf1 Rxf1+ 27. Bxf1 $16
) 20. Nxf7 Qd7 21. Ng5 {White has a pleasant edge now.} (21. Bxc5 $2 bxc5 22.
Be6 Rxf7 23. Bxd7+ Rxd7 $17) 21... Re8 (21... Kb8 22. Ne6 Re8 23. Rd1 $16 {
With some pressure.}) 22. Rd1 Qc6 23. Ne6 $1 $16 Kb8 $2 $138 {Why to give the
pawn?} (23... g6 24. Nxc7 Qxc7 25. g3 $16) 24. Nxg7 Re7 25. Nf5 Re8 26. f3 $6
$138 {Another wrong decision.} (26. g3 $1 Qg2 (26... Qf3 27. Nd6 Bxd6 28. Rxd6
Nd5 29. Bxd5 Bxd5 30. Rd7 $18) 27. Nd6 Bxd6 28. Rxd6 Ng4 29. Bf4 $18) 26... Bc8
{After this a wild time scramble phase has started.} (26... Bxh2 $2 27. g4 (27.
g3 Bxg3) 27... Qc7 28. g5 Bf4 (28... Nh5 29. Bf7 Rxe3 30. Nxe3 Bf4 31. Bxh5
Bxe3+ 32. Kb1 Bxg5 33. Qc4 $18) 29. gxf6 Bxe3+ 30. Nxe3 Rxe3 31. f7 Rxf3 32.
Qe2 Qf4+ 33. Kb1 $18) (26... Rxe3 $2 27. Nxe3 Bf4 28. Qd3 b5 29. Bxb5 $18) 27.
Bg1 $2 {Passive!} (27. Bf2 $2 Bxh2) ({Who dares wins!} 27. Bg5 $1 Re5 28. Bd3
c4 $140 29. Nd4 Qd6 30. Bf5 Rd5 31. Bxc8 Rxg5 32. Ne6 Rd5 33. Rxd5 Nxd5 34.
Nxc7 Nxc7 35. Bh3 $18) 27... Re5 (27... b5 28. Bf1) 28. Ng3 (28. Bd3 Qe8 $16 (
28... c4 29. Nd4 Qe8 30. Bxc4 $18)) 28... b5 (28... h5 29. Bd3 h4 30. Ne4 $16)
29. Bd3 (29. Bf1 $6 c4 30. Bd4 Rd5 $44) 29... c4 30. Bf5 (30. Bxh7 $2 Nxh7 31.
Qxh7 b4 $1 32. axb4 Qa4 $44) 30... Bb7 (30... Bxf5 31. Nxf5 Qe8 32. Nd4 Re1 33.
Kb1 $16) 31. Kb1 $6 {Another practical decision.} ({What is wrong with cashing
another pawn?} 31. Bxh7 Nxh7 32. Qxh7 Re8 33. Qf7 Rc8 34. Ne4 $18) 31... h5 32.
Bd4 {This ain't no bad though I had another variation to my disposal.} (32. Ne2
Qe8 33. Nd4 Re1 34. Rxe1 Qxe1+ 35. Qc1 Qe5 36. Qh6 Ka8 37. Qf8+ Bb8 38. Bf2 $18
) 32... Rd5 33. Bh3 {I was not fully aware of the coming d line battery!} (33.
Ne2 $142 $16) 33... Qd6 $1 34. Nf5 Qd8 35. Qf2 Ka8 36. Re1 $6 (36. Ka2 Be5 37.
Qh4 $18) (36. Qh4 Bb6 37. Ka2 Bxd4 38. Rxd4 $18) 36... Bc8 37. Bxf6 $4 {
This is a gift!} (37. Ne7 $1 Bxh3 (37... Rxd4 38. Nc6 Rd1+ 39. Ka2 Bb6 40. Nxd8
Bxf2 41. Rxd1 Bxh3 42. gxh3 $18) 38. gxh3 Rd6 39. f4 Qd7 40. Qf3+ Kb8 41. Bxf6
Rxf6 42. Nd5 Rd6 (42... Rf5 43. Nb4) 43. Nxc7 Kxc7 44. Qxh5 $16) 37... Qxf6 $4
{Time trouble talks!} (37... Rd1+ 38. Ka2 Qd3 $1 $11 {I did not see this
rejoinder.He could have drawn right away!}) 38. Ne7 $18 {Finally it is over.} (
38. Ne7 $18 Bxh3 39. Nxd5 Qf5+ 40. Qc2 Qxd5 41. gxh3 Qxf3 42. Qe4+ Qxe4+ 43.
Rxe4 $18) 1-0

[Event "Olympiad-35"]
[Site "Bled"]
[Date "2002.10.28"]
[Round "3.2"]
[White "Atalik, Suat"]
[Black "Zarnicki, Pablo Adrian"]
[Result "1-0"]
[WhiteElo "2575"]
[BlackElo "2535"]
[Annotator "Atalik,S"]
[PlyCount "49"]
[EventDate "2002.10.26"]
[EventType "team-swiss"]
[EventRounds "14"]
[EventCountry "SLO"]
[SourceTitle "CBM 092"]
[Source "ChessBase"]
[SourceDate "2003.02.06"]
[SourceVersion "1"]
[SourceVersionDate "2003.02.06"]
[SourceQuality "1"]
[WhiteTeam "Bosnia&Herzegovina"]
[BlackTeam "Argentina"]
[WhiteTeamCountry "BIH"]
[BlackTeamCountry "ARG"]

1. d4 Nf6 2. c4 e6 3. Nf3 b6 4. a3 Bb7 5. Nc3 d5 6. cxd5 exd5 {I am always
happy to see this move.} 7. g3 Bd6 $6 {Another move which makes me a happy
camper!} (7... Be7 8. Qa4+ c6 9. Bg2 O-O 10. Bf4 Nbd7 11. Rd1 $14) (7... c5 8.
Qa4+ Bc6 9. Qc2 $14) 8. Bg5 O-O 9. Bh3 c6 $146 {A novelty which does not
really help black much.} (9... h6 10. Bxf6 Qxf6 11. O-O Rd8 12. Qa4 {I have
already had this in Atalik-Ciolac,Eforie-Nord(Romanian League)2000.} c6 13. Bg2
$1 Nd7 14. e4 dxe4 15. Nxe4 $16) 10. O-O Na6 11. Ne5 $16 {White has a decent
control over the center.} Re8 12. f4 $6 {I did not like forcing lines.} (12.
Bd7 $2 Bxe5 13. Bxe8 Bd6 $17) (12. e4 $1 {looks like a more principal move to
me.} dxe4 (12... Bxe5 13. dxe5 Rxe5 14. f4 Rxg5 15. fxg5 Nxe4 16. Nxe4 dxe4 17.
Qxd8+ Rxd8 18. Rad1 Re8 19. Bd7 Re7 20. Bc8 $1 $16) 13. Bxf6 Qxf6 14. Nxe4 Qd8
15. Qh5 g6 16. Qf3 Bxe5 17. dxe5 Rxe5 18. Rad1 Qe7 19. Rd7 Rxe4 20. Rxe7 Rxe7
$14) 12... c5 13. e3 {We got a Pillsbury type of attacking set up for white.} (
13. Bg2 Nc7) 13... Be7 14. Bf5 g6 $2 {A very bad mistake,after this white has
a tremendous attack.} (14... Nc7 15. b4 (15. Bxf6 Bxf6 16. Bxh7+ Kxh7 17. Qh5+
Kg8 18. Qxf7+ Kh8 19. Qh5+ $11 {is only a draw.}) 15... cxd4 (15... cxb4 16.
axb4 Bxb4 17. Bxh7+) 16. Bxf6 Bxf6 17. exd4 $14) 15. Bd3 $1 $16 {Already white
has ome serious threats on the f line.} cxd4 $5 {Very creative and it is
actually a queen sacrifice.} (15... Nc7 16. f5 $40 {looks like one way traffic
to me.}) 16. exd4 $1 {I did not like to take the gauntlet.} (16. Bxa6 Bxa6 17.
Nc6 dxc3 $1 (17... Qd6 $2 18. Nxe7+ Rxe7 19. Qxd4 $18) 18. Nxd8 Raxd8 (18...
cxb2 $2 19. Nc6 bxa1=Q 20. Nxe7+ Rxe7 21. Qxa1 $18) 19. Re1 cxb2 20. Rb1 $14 {
did not look that clear to me.}) 16... Ne4 17. Nxe4 dxe4 18. Bc4 $1 {After
this f7 is incredibly weak.} (18. Bxa6 $2 Bxa6 19. Nc6 Qd7 $1 ({but not the
queen sac now} 19... Bxg5 $2 20. Nxd8 Bxd8 21. Qa4 $1 $18) 20. Nxe7+ Rxe7 21.
Bxe7 Bxf1 22. Qxf1 Qxe7 $17) 18... Rf8 $8 ({simply loses a piece.} 18... Bd5 $2
19. Bxe7) 19. Bxe7 $1 {Sidestepping more difficult positions to convert.} (19.
Bh6 Qd6 20. f5 Bf6 21. fxg6 hxg6 22. Rxf6 Qxf6 23. Qd2 $18) 19... Qxe7 20. f5
$18 b5 $5 21. Ba2 {No need to rush the things up!} (21. f6 $5 Qd6 22. Qd2 Nc7
23. Bxf7+ Rxf7 24. Nxf7 Kxf7 25. Qh6 Qxd4+ 26. Rf2 e3 27. Qxh7+ Ke6 28. Qe7+
Kd5 29. Rf4 $18) 21... Qg5 22. Nxf7 $1 {Now it is all gone for black.} Rxf7 ({
I was expecting} 22... Qe3+ 23. Kh1 Nc7 24. Rc1 Bd5 25. Rxc7 Bxa2 (25... Bxf7
26. Rxf7 $18) 26. Rc3 Qxc3 27. Nh6+ Kg7 28. bxc3 Bc4 (28... Kxh6 29. Qd2+ {
is a nice example for double attack.}) 29. f6+ Kxh6 30. Qg4 g5 31. Rf5 Rg8 32.
Qh3+ Kg6 33. g4 h6 34. Qh5+ Kh7 35. Re5 $18) 23. fxg6 hxg6 (23... Qe3+ 24. Kh1)
24. Qb3 $1 {f7 is attacked by everything except Ra1.} Kh8 25. Qxf7 1-0

[Event "CCA-ICC op"]
[Site "Lake George"]
[Date "2005.05.15"]
[Round "9"]
[White "Atalik, Suat"]
[Black "Epishin, Vladimir"]
[Result "1/2-1/2"]
[WhiteElo "2561"]
[BlackElo "2605"]
[Annotator "Atalik,S"]
[PlyCount "44"]
[EventDate "2005.05.11"]
[EventType "swiss"]
[EventRounds "9"]
[EventCountry "USA"]
[SourceTitle "CBM 107"]
[Source "ChessBase"]
[SourceDate "2005.08.01"]
[SourceVersion "1"]
[SourceVersionDate "2005.08.01"]
[SourceQuality "1"]

1. d4 Nf6 2. c4 e6 3. Nf3 b6 4. Nc3 Bb7 5. a3 {What is there to say about? It
is not easy to play against Vladimir Epishin with either color. Of course I
had ambitions to win the game but also I did not want to throw everything into
the fire. Petrosian System fits perfectly into my game strategy for this last
round encounter.} d5 6. cxd5 Nxd5 7. Bd2 $5 Be7 (7... Nf6 8. Qc2 c5 9. Bf4 cxd4
10. Rd1 Nbd7 11. Rxd4 Bc5 12. Rd2 $14 {is something I have analysed years ago.}
) 8. Qc2 O-O 9. e4 Nxc3 10. Bxc3 c5 11. dxc5 bxc5 $1 {This is the modern
approach.} 12. Bd3 (12. Rd1 {is everyone's choice.}) 12... Nd7 (12... Nc6 13.
e5 h6 14. Rd1 Qc7 15. O-O Rfd8 16. Qa4 $1 {is a transposition to my game with
late Kostya from Baden-Baden 2003.}) 13. O-O Qc7 14. Rfe1 Rfd8 15. Rad1 h6 {
Now we are back in the normal position for the line after 15 moves.} 16. Rd2 $5
(16. Bb5 Bc6 17. Qa4 (17. Ba5 Nb6 18. Bxc6 Qxc6 19. Ne5 Qb5 20. Bxb6 axb6 21.
Nc4 Qc6 22. Rxd8+ Bxd8 $1 $15) 17... Nb6 18. Rxd8+ Rxd8 19. Qa5 Bxb5 20. Qxb5
Qd7 21. Qxd7 Rxd7 22. Ne5 Rb7 $40 {and black has no problems in this position.}
) 16... Rab8 {Starting counterplay on b2 and cutting out Bb5 forever.} 17. Bf1
$5 (17. Red1 Bc6 $13) 17... Bf6 18. Re3 Ne5 (18... Bxc3 $6 19. Rxc3 Qf4 20.
Rcd3 $3 Bc6 (20... Bxe4 21. Qc4 $18) 21. Rd6 $16 {was my idea but Volodya is
tough.}) 19. Rxd8+ Rxd8 20. Nxe5 Bxe5 21. Bxe5 {I should not have created
weaknesses.} (21. g3 Qd6 22. Bxe5 Qxe5 23. f3 Qd4 $15) 21... Qxe5 22. f3 $1 {
White has succeeded to exchange most of the minor pieces however the weakness
of c5 is very debatable.} (22. Rd3 $6 Rxd3 23. Bxd3 f5 24. f3 Qd4+ 25. Kf1 fxe4
26. fxe4 a5 (26... Kf7 27. Qf2+ Qxf2+ 28. Kxf2 Kf6 29. Ke3 a5 $11) 27. Qc4 Qxc4
28. Bxc4 Kf7 29. Bd3 Kf6 30. Ke2 Ke5 31. Ke3 $11) 22... Rd6 $1 {This move
accompanied by a draw offer shook me off. The moment I thought that I might
have an advantage Epish came up with a strong move.} (22... f5 $6 23. Qb3 $1
$16 (23. Rc3 $2 fxe4 24. fxe4 Qd4+ 25. Qf2 Bxe4 26. Rxc5 Qd1 27. Qe2 Qxe2 28.
Bxe2 Rd2 29. Bf3 Bxf3 30. gxf3 Rxb2 31. Ra5 Rb7 32. h4 g6 33. Kf2 $44 {is most
likely a draw but why to go to such an ending?})) (22... Rd6 $1 23. Rc3 Rb6 $1
24. Rxc5 Qd4+ $1 25. Qf2 Qxf2+ 26. Kxf2 Rxb2+ 27. Kg3 Rb3 28. Ra5 (28. Rb5 Rxb5
29. Bxb5 e5 $11) 28... Bxe4 29. Rxa7 Bd3 $11 {is just a draw.}) 1/2-1/2

[Event "Rohde op 12th"]
[Site "Sautron"]
[Date "2012.10.29"]
[Round "3"]
[White "Lagarde, Maxime"]
[Black "Nguyen, Chi Minh"]
[Result "1-0"]
[WhiteElo "2501"]
[BlackElo "2392"]
[Annotator "Atalik/Primel,D"]
[PlyCount "71"]
[EventDate "2012.10.27"]
[EventType "swiss"]
[EventRounds "9"]
[EventCountry "FRA"]
[SourceTitle "EXT 2014"]
[Source "ChessBase"]
[SourceDate "2013.11.20"]
[SourceVersion "1"]
[SourceVersionDate "2013.11.20"]
[SourceQuality "1"]
[TimeControl "40/5400+30:1800+30"]
[WhiteClock "0:42:01"]
[BlackClock "0:09:37"]

1. d4 {[%emt 0:00:00]} e6 {[%emt 0:03:32]} 2. Nf3 {[%emt 0:00:00]} Nf6 {
[%emt 0:00:23]} 3. c4 {[%emt 0:00:04]} b6 {[%emt 0:01:07]} 4. a3 {[%emt 0:00:
45]} Bb7 {[%emt 0:00:35]} (4... Ba6 {L'alternative dans cette variante
Petrossian}) 5. Nc3 {[%emt 0:00:12]} Ne4 $5 {[%emt 0:00:38]} (5... d5 {La
grande ligne} 6. cxd5) 6. Nxe4 {[%emt 0:00:59]} Bxe4 {[%emt 0:00:07]} 7. e3 {
[%emt 0:00:08]} (7. Nd2 Bb7 8. e4 $14 {Ivanchuk,V (2709)-Romanishin,O (2578)
Leonid Stein Memorial 2000 (4) 1/2}) 7... Qf6 {[%emt 0:00:34]} (7... g6 8. Bd3
Bxd3 9. Qxd3 Bg7 10. e4 d6 11. Bg5 f6 12. Be3 Nd7 13. h4 h6 14. O-O-O Qe7 15.
Kb1 O-O-O 16. Rhe1 Kb8 17. d5 e5 18. Nd2 f5 19. exf5 gxf5 20. Qxf5 Qxh4 21. Rh1
Qf6 22. Qc2 {Sokolov,I (2655)-Seirawan,Y (2640)/Dordrecht 2002/EXT 2004/1/2-1/
2 (40)}) (7... Be7 {Plus courant} 8. Bd3 Bxd3 9. Qxd3) 8. Bd3 {[%emt 0:03:08]}
Bxd3 {[%emt 0:00:07]} 9. Qxd3 {[%emt 0:00:04]} Qg6 {[%emt 0:00:05]} 10. e4 $5
$146 {[%emt 0:05:09] Continuant de suivre une suite analysée par le GMI Attalik
} (10. Qxg6 hxg6 11. b4 a5 12. b5 d6 13. a4 Nd7 14. Ba3 Be7 15. Ke2 Rc8 16. h3
f5 17. h4 Kf7 18. Rac1 e5 19. g3 Rhe8 20. Rhd1 Bf6 21. c5 e4 22. Ne1 d5 23. Rc2
Be7 24. c6 Nf6 {Saric,A (2513)-Aguettaz,M (2443)/Pula 2012/Mega2012 Update 25/
1/2-1/2}) 10... Qxg2 {[%emt 0:02:29] Relevant le gant du débat théorique} (
10... d5 11. cxd5 exd5 12. O-O $1 dxe4 (12... Bd6 {Plus solide car sur la
prise de4, les Blancs ont une sérieuse avance de développement.} 13. Re1 O-O)
13. Re1 {[%cal Ge1e8] Atalik,S}) 11. Rg1 {[%emt 0:01:40]} Qh3 {[%emt 0:00:12]}
12. Bf4 $32 {[%emt 0:01:31][%cal Gf4h2,Gf3g5]} h6 $6 {[%emt 0:22:09] Fin de la
préparation des Noirs} (12... d6 $142 13. O-O-O $44 {Atalik}) 13. Bxc7 {
[%emt 0:05:30]} Nc6 {[%emt 0:05:28]} (13... Na6 14. Bf4 g5 (14... Rc8 15. c5
$40 {[%csl Ra6]}) (14... f6 15. c5 g5 16. Rg3 Qh5 17. Be3 Nc7 18. cxb6 axb6 19.
Rc1 $32) 15. Rg3 Qh5) 14. Rg3 {[%emt 0:09:06]} Qh5 {[%emt 0:00:24]} 15. d5 $1 {
[%emt 0:00:31]} (15. O-O-O $143 Rc8 {[%csl Rc7][%cal Gc8c1]}) 15... Rc8 {
[%emt 0:03:17]} 16. dxc6 {[%emt 0:06:45]} (16. Bf4 exd5 (16... Na5 17. Ne5 {
[%cal Ge5c4,Gb2b4]} f6 18. dxe6 dxe6 19. Qd7#) 17. cxd5 $40 {[%csl Re8]} Nb8
18. Rc1 Rxc1+ 19. Bxc1 Bd6 (19... g5 20. Qc3 $18 {[%cal Gc3h8,Gc3c8]}) 20. e5
Bc7 (20... Bxe5 21. Nxe5 Qxe5+ 22. Re3) 21. d6 Bd8 22. Rxg7 Kf8 23. Rg3 Nc6 (
23... Rg8 $2 24. Qh7) 24. Bf4 $18 {Comme les Noirs ne peuvent pas jouer Rg8,
ils ont une pièce de moins.}) 16... Rxc7 {[%emt 0:01:43]} 17. Rd1 $40 {[%emt 0:
01:59]} d6 {[%emt 0:04:29]} 18. e5 $1 {[%emt 0:08:40]} Rxc6 {[%emt 0:01:44]}
19. Qe4 {[%emt 0:00:24]} Kd7 {[%emt 0:05:42]} 20. exd6 {[%emt 0:00:22][%cal
Gf3e5]} f6 $8 {[%emt 0:01:45]} 21. Nd4 $1 {[%emt 0:03:02][%cal Gd4e6,Gg3d3]
Toutes les pièces Blanches sont maintenant mobilisées dans la chasse au K Noir}
Rxd6 {[%emt 0:00:20]} 22. Rgd3 $4 {[%emt 0:00:36] Joué quasiment а tempo alors
que les Blancs avaient encore 50 mns а la pendule et les Noirs qui ont plus
d'expérience ne vont pas rater l'occasion offerte.} (22. Qb7+ Ke8 23. Rgd3 Qg6
{[%cal Gg6d3,Gd6d3]} 24. Kf1 $1 (24. Qc8+ Kf7) 24... Be7 (24... h5 {[%cal
Gh5h4,Gh8h5]} 25. Nxe6 $3 {L'idée de Kf1 mais quasiment impossible а trouver
devant l'échiquier} Rxd3 26. Re1 $18 {[%csl Re8,Rg6][%cal Ge6f8,Ge6f4,Ge1e8]})
25. Nc6 $1) 22... Qe5 $1 {[%emt 0:06:47][%csl Re1,Re4] Un sauvetage miraculeux!
} 23. Qxe5 {[%emt 0:00:10]} fxe5 {[%emt 0:00:09]} 24. Nf3 {[%emt 0:00:49]} Kc7
{[%emt 0:04:33]} 25. Nxe5 {[%emt 0:00:20][%cal Ge5f7] Gagne un P mais dans
cette position ouverte, le B est un peu meilleur que le N et les Noirs ont des
chances de nulle.} Rg8 {[%emt 0:00:41]} 26. Rf3 {[%emt 0:03:47]} Rxd1+ {
[%emt 0:02:49]} 27. Kxd1 {[%emt 0:00:05]} g5 {[%emt 0:00:41]} 28. Rf7+ {
[%emt 0:01:48]} Kd6 $1 {[%emt 0:00:34]} 29. Nd3 {[%emt 0:00:22]} Be7 $44 {
[%emt 0:04:59][%csl Rh2]} 30. Rh7 {[%emt 0:03:11]} a5 {[%emt 0:04:48]} 31. a4
$1 {[%emt 0:00:30]} (31. Rxh6 Rc8 32. b3 a4 $132) 31... Rg6 {[%emt 0:00:50]}
32. Ke2 {[%emt 0:00:52]} Bf6 {[%emt 0:06:06]} 33. Rf7 {[%emt 0:01:52]} Bd4 {
[%emt 0:00:45][%csl Rd3,Gd4]} 34. Kf3 {[%emt 0:01:07]} g4+ {[%emt 0:06:49]} 35.
Ke4 {[%emt 0:00:18]} Bc5 $4 {[%emt 0:00:32] Les Noirs pensaient avoir fait le
plus dur et ils se déconcentrent alors qu'ils avaient encore 10 mns а la
pendule} (35... Bg7) 36. Ne5 $1 {[%emt 0:00:13][%cal Ge5g6,Ge5f7] Un réseau de
mat surgi de nulle part! Je rectifie le score 1-0 et non pas nulle} 1-0